000 00355nam a2200157Ia 4500
008 230516s9999 xx 000 0 und d
041 _aeng
082 _a547
_bMOR/BOY
100 _aMORRISON, BOYD
245 _aORGANIC CHEMISTRY
260 _bPEARSON
_c2011
300 _a1472
365 _h20%
520 _aPC
650 _aPHARMACEUTICAL CHEMISTRY
999 _c371643
_d371643